Word Scramble - US Presidents #4 - Statistics

General Stats
  • This quiz has been taken 38 times
  • The average score is 5 of 6
Answer Stats
Hint Answer % Correct
Denykne Kennedy
97%
Reomno Monroe
97%
Ertacr Carter
94%
Rtnag Grant
92%
Tinlcno Clinton
81%
Ruvnaebn Van Buren
81%
No matching quizzes found
Score Distribution
Percent of People with Each Score
Percentile by Number Answered
Your Score History
You have not taken this quiz